000 00493nam a2200181Ia 4500
008 240925s9999 xx 000 0 und d
020 _a9789350142004
082 _a624.46 GUP
100 _aGupta, J. B.; Manglik, Rajeev ; Manglik, Rohit
245 0 _aElements of Electric Drives
250 _a1st
260 _aNew Delhi:
_bS. K. Kataria
_c,2014.
300 _a142p.
_b0
_fOriginal
500 _aIncludes Index
600 _aElectrical Engineering
650 _aTechnology
942 _cBK
999 _c13920
_d13920